Následníčky Anny Achmatovovej sedem petrohradských poetiek

Bibliographic Details
Main Author: Malevič, Oleg Michajlovič 1928- (Author)
Format: Article
Language:Slovak
PhysicalDescription:Fotogr.
Subjects:

MARC

LEADER 00000nab a2200000 a 4500
001 vtls008296689
003 SK-MaSNL
005 20260303164355.0
008 230313c2005 xo mr|p|||||||000 b|slo
015 |a SNBRB2005/09  |2 snkbucl 
038 |a SNKBUCL 
040 |a SNKBUCL  |b slo  |c SNKBUCL  |e AACR2 
041 0 |a slo 
044 |a xo  |c SK 
080 |a 82:929:821.161.1  |2 1997 
080 |a 821.161.1:929  |2 1997 
100 1 |a Malevič, Oleg Michajlovič  |d 1928-  |4 aut  |9 852620 
245 1 0 |a Následníčky Anny Achmatovovej  |b sedem petrohradských poetiek  |c Oleg Malevič 
300 |b Fotogr. 
500 |a Na dokumente chybne uvedený ročník (XL) 
600 1 7 |a Vdovina, Raisa  |x básnická tvorba  |2 snkbucl  |9 1189880 
773 0 |t Revue svetovej literatúry  |g Roč. XLI, č. 1 (2005), s. 102-103 
852 |a SNK  |b KIS3GCP 
958 |a RU 
958 |a LX 
958 |a OND 
958 |a EUIPO 
999 |c 2064821  |d 2066751